| 000 | 00950nam a2200229 a 4500 | ||
|---|---|---|---|
| 001 | 000003152 | ||
| 005 | 20200929150339.0 | ||
| 008 | 701118s1972 mx 001 e spa | ||
| 040 |
_aDO-SdBNP _bspa _cBNPHU |
||
| 082 |
_a814.54 _bC875f |
||
| 100 | 1 |
_aCowley, Malcolm, _d1898-1989. _99945 |
|
| 240 | 1 | 0 |
_aA many-windowed house. _lEspañol |
| 245 | 1 | 0 |
_aFacetas de la crítica : _bensayo sobre literatura y escritores norteamericanos / _cMalcolm Cowley; recopilador, Henry Dan Piper; prólogo, Salvador Medrano Covarrubias. |
| 260 |
_aMéxico : _bPax-México, Librería Carlos Cesar, _c1972. |
||
| 300 |
_a318 p. ; _c21 cm. |
||
| 504 | _aIncluye índice | ||
| 534 |
_aTítulo original : _tA many-windowed house. |
||
| 650 | 4 |
_aLiteratura estadounidense _xEnsayos _xHistoria y crítica _99946 |
|
| 650 | 4 |
_aLiteratura americana _xHistoria y crítica _99947 |
|
| 700 | 1 |
_aPiper, Henry Dan, _eed. _99948 |
|
| 700 | 1 |
_aMedrano Covarrubias, Salvador _epról. _99949 |
|
| 999 |
_c2983 _d2983 |
||